Street Sign Painting Quiz Stats

 Plays Quiz Updated Dec 6, 2017

Also try: Logo Painting
Challenge
Share
Tweet
Score 0/18 Timer 03:00
15 Plays Today
% Correct
Deer Crossing
96.8%
Deer Crossing
96.8%
Traffic Light
92.8%
Traffic Light
92.8%
Traffic Light
92.8%
Traffic Light
92.8%
No Right Turn
91.8%
No Right Turn
91.8%
School Zone
91.1%
% Correct
School Zone
91.1%
Keep Right
84.1%
Keep Right
84.1%
Lanes Merge
83.6%
Lanes Merge
83.6%
Railroad Crossing
83.3%
Railroad Crossing
83.3%
Intersection
71.2%
Intersection
71.2%

You're not logged in!

Compare scores with friends on all Sporcle quizzes.
Join for Free
OR
Log In

You Might Also Like...

Show Comments

Extras

Top Quizzes Today


Score Distribution

Your Account Isn't Verified!

In order to create a playlist on Sporcle, you need to verify the email address you used during registration. Go to your Sporcle Settings to finish the process.

Report this User

Report this user for behavior that violates our Community Guidelines.

Details: